[Event "Finjub30 GM2"]
[Site "Finjub30 GM2"]
[Date "1992.??.??"]
[Round "?"]
[White "Jensen, Allan"]
[Black "Zagorovsky, Vladimir P"]
[Result "1-0"]
[WhiteElo "2440"]
[BlackElo "2590"]
[PlyCount "39"]
[EventDate "1992.??.??"]
[Source "www.chesslib.no"]
[SourceDate "2004.05.04"]

1. e4 e5 2. Bc4 Bc5 3. b4 Bxb4 4. c3 Ba5 5. d4 exd4 6. Qh5 d5 7. Bxd5 Qf6 8. Nf3 Bxc3+ 9. Nxc3 dxc3 10. Ne5 Ne7 11. Bxf7+ Kf8 12. Bb3 Bf5 13. Bg5 Bg6 14. Nxg6+ Qxg6 15. Bxe7+ Kxe7 16. Qe5+ Kf8 17. Qxc7 Nc6 18. O-O Qf6 19. Rad1 Re8 20. Rd6 1-0

[Event "RUS-ch sf"]
[Site "?"]
[Date "2003.??.??"]
[Round "3"]
[White "Kurenkov Nikolai"]
[Black "Tishin Petr"]
[Result "1-0"]
[WhiteElo "2393"]
[BlackElo "2502"]
[PlyCount "43"]
[EventDate "2003.??.??"]
[Source "www.chesslib.no"]
[SourceDate "2004.05.04"]

1. e4 e5 2. Bc4 Bc5 3. b4 Bxb4 4. c3 Bf8 5. Nf3 d6 6. d4 exd4 7. O-O d3 8. Qb3 Qd7 9. e5 Nc6 10. Ng5 Nh6 11. e6 fxe6 12. Bxe6 Qe7 13. Re1 Kd8 14. Nf3 Bxe6 15. Qxb7 Rb8 16. Qxc6 Bd7 17. Qa6 Rb6 18. Qxa7 Qf7 19. Qa8+ Bc8 20. Bg5+ Kd7 21. Qa4+ c6 22. Qd4 1-0

[Event "Lloyds Bank Open"]
[Site "London ENG"]
[Date "1994.??.??"]
[Round "7"]
[White "King, Daniel J"]
[Black "Rossiter, Philip J"]
[Result "1-0"]
[WhiteElo "2495"]
[BlackElo "2400"]
[PlyCount "53"]
[EventDate "1994.08.??"]
[Source "www.chesslib.no"]
[SourceDate "2004.05.04"]

1. e4 e5 2. Bc4 Bc5 3. Nf3 d6 4. c3 Qe7 5. O-O Nf6 6. Re1 O-O 7. d4 Bb6 8. h3 Re8 9. Nbd2 Nbd7 10. Nf1 Nf8 11. Ng3 c6 12. a4 Bc7 13. b4 a6 14. Bd3 Ng6 15. a5 Qd8 16. Qc2 Nf4 17. Bxf4 exf4 18. Nf1 h6 19. N1h2 Nh7 20. e5 Ng5 21. exd6 Bxd6 22. Rxe8+ Qxe8 23. Re1 Qd8 24. Nxg5 hxg5 25. Qe2 Bd7 26. Qh5 f5 27. Bc4+ 1-0

[Event "Buenos Aires ol (Men)"]
[Site "Buenos Aires ARG"]
[Date "1978.??.??"]
[Round "4"]
[White "Lein, Anatoly Y"]
[Black "Shaw, Terrey I"]
[Result "1-0"]
[WhiteElo "2505"]
[BlackElo "2385"]
[PlyCount "83"]
[EventDate "1978.10.25"]
[Source "www.chesslib.no"]
[SourceDate "2004.05.04"]

1. e4 e5 2. Bc4 Bc5 3. d3 d6 4. Nf3 Nf6 5. Nc3 Be6 6. Bb3 Nc6 7. Be3 Bb6 8. h3 Qd7 9. Ba4 Bxe3 10. fxe3 Qe7 11. O-O O-O 12. Qe1 a6 13. Nh4 b5 14. Bb3 Na5 15. Nd5 Nxd5 16. Bxd5 Bxd5 17. Nf5 Qd7 18. exd5 Nb7 19. Qh4 f6 20. Rf3 Rf7 21. Raf1 Raf8 22. Rg3 Kh8 23. Rff3 Nd8 24. Rg4 c6 25. c4 cxd5 26. cxd5 Re8 27. e4 Qa7+ 28. Kh2 Rc7 29. Nxd6 Rc1 30. Qf2 Qxf2 31. Rxf2 Re7 32. Rg3 Nb7 33. Nxb7 Rxb7 34. h4 Kg8 35. Rxf6 Rc8 36. Rxa6 Rc2 37. h5 b4 38. h6 g6 39. Rf3 Rb8 40. Ra7 b3 41. Rg7+ Kh8 42. Rff7 1-0

[Event "AUT-chT 2003-4"]
[Site "Graz"]
[Date "2003.11.30"]
[Round "3"]
[White "Atlas, Valeri"]
[Black "Schroll, Gerhard"]
[Result "1-0"]
[WhiteElo "2467"]
[BlackElo "2417"]
[PlyCount "118"]
[EventDate "2003.11.01"]
[Source "Roberto Alvarez"]
[SourceDate "2003.12.01"]

1. e4 e5 2. Bc4 Bc5 3. Nf3 d6 4. c3 Qe7 5. O-O Nf6 6. Re1 c6 7. d3 Bb6 8. Nbd2 Be6 9. a4 Nbd7 10. a5 Bc7 11. d4 Bxc4 12. Nxc4 O-O 13. dxe5 dxe5 14. b3 Nc5 15. Ba3 b5 16. axb6 axb6 17. Qc2 b5 18. Ncd2 Bd6 19. Bb2 Rxa1 20. Bxa1 Qb7 21. c4 Ncd7 22. Rd1 Ra8 23. Bc3 b4 24. Bb2 Qc7 25. g3 Bc5 26. h3 Ne8 27. Kg2 f6 28. Nf1 Nf8 29. Ne1 Ne6 30. Nd3 Rd8 31. f3 Qb6 32. f4 exf4 33. Nxf4 Nxf4+ 34. gxf4 Qc7 35. Kf3 Qc8 36. Rxd8 Qxd8 37. Ng3 Qd7 38. h4 Nc7 39. h5 Kf7 40. e5 fxe5 41. Bxe5 Ne6 42. Qxh7 Qd1+ 43. Kg2 Qd2+ 44. Kh3 Nxf4+ 45. Kg4 Nd3 46. Qg6+ Ke7 47. Qxg7+ Ke6 48. Qf6+ Kd7 49. Kf5 Qf2+ 50. Kg6 Nxe5+ 51. Qxe5 Qg1 52. Kf7 Bd4 53. Qe6+ Kc7 54. Nf5 Bc3 55. h6 Qd1 56. c5 Qh5+ 57. Kf8 Qf3 58. Qf7+ Kd8 59. Nd6 Bf6 1-0

[Event "Open Acropolis 2008"]
[Site "Atene GRE"]
[Date "2008.08.09"]
[Round "1.8"]
[White "Kolev, Atanas"]
[Black "Aggelis, Nikolaos"]
[Result "1/2-1/2"]
[WhiteElo "2565"]
[BlackElo "2271"]
[PlyCount "148"]
[EventDate "2008.08.09"]
[Source "www.chesslib.no"]
[SourceDate "2004.05.04"]

1. e4 e5 2. Bc4 Bc5 3. d3 Nc6 4. Nc3 d6 5. Na4 Bb6 6. Nxb6 axb6 7. f4 Na5 8. Bd5 Nf6 9. Nf3 exf4 10. Bxf4 c6 11. Bxf7+ Kxf7 12. b4 Re8 13. O-O Kg8 14. bxa5 Rxa5 15. Bd2 Ra3 16. Qc1 Ra4 17. Bg5 b5 18. Qb2 Rf8 19. Nd4 Qe7 20. Rae1 Qe5 21. Qb3+ Kh8 22. Nf3 Qc5+ 23. Be3 Qh5 24. Ng5 h6 25. Ne6 Bxe6 26. Qxe6 Qe5 27. Qb3 Raa8 28. Rf5 Qe7 29. h3 Nd7 30. Ref1 d5 31. Bd4 Rxf5 32. Rxf5 Rf8 33. Rxf8+ Qxf8 34. exd5 Qd6 35. Qb2 Qxd5 36. Bxg7+ Kh7 37. Bd4 Nf8 38. Be3 Qe6 39. Kf2 Qf5+ 40. Kg1 Qe6 41. Bf2 Ng6 42. Qd4 Qxa2 43. Qd7+ Kg8 44. Qd8+ Kh7 45. Qc7+ Kg8 46. Qb8+ Kf7 47. Qxb7+ Ne7 48. Bh4 Qa1+ 49. Kh2 Qe5+ 50. Bg3 Qc5 51. Qc7 Qxc2 52. Bd6 Qe2 53. d4 h5 54. Bxe7 Qxe7 55. Qxc6 b4 56. Qd5+ Kg6 57. Qc6+ Kg7 58. Qc4 Qd6+ 59. Kh1 Qb6 60. d5 b3 61. Qc3+ Kf7 62. Qb2 Ke7 63. Qa3+ Kd7 64. Qa4+ Kd6 65. Qf4+ Kxd5 66. Qf3+ Kc4 67. Qf1+ Kc3 68. Qc1+ Kb4 69. Qe1+ Kc4 70. Qf1+ Kc5 71. Qf2+ Kc6 72. Qf3+ Kc7 73. Qf4+ Kc6 74. Qf3+ Kc7 1/2-1/2

[Event "Winterthur-B"]
[Site "Winterthur"]
[Date "1996.??.??"]
[Round "4"]
[White "Atlas, Valeri"]
[Black "Stefanova, Antoaneta"]
[Result "1/2-1/2"]
[WhiteElo "2470"]
[BlackElo "2365"]
[PlyCount "105"]
[EventDate "1996.09.??"]
[Source "ChessBase"]

1. e4 e5 2. Bc4 Bc5 3. Nf3 d6 4. c3 Qe7 5. O-O Nf6 6. Re1 O-O 7. d3 Be6 8. Nbd2 Nc6 9. h3 h6 10. Bb3 Rad8 11. Ba4 Bb6 12. Nf1 Nb8 13. Ng3 Nbd7 14. Nh4 d5 15. Nhf5 Bxf5 16. Nxf5 Qe6 17. Qf3 dxe4 18. dxe4 Kh7 19. g4 Ng8 20. Bb3 Qe8 21. Qg3 Nc5 22. Bc2 f6 23. Qf3 Ne6 24. h4 Ne7 25. h5 Ng5 26. Bxg5 hxg5 27. Rad1 Nxf5 28. Qxf5+ g6 29. hxg6+ Qxg6 30. Qe6 Qg8 31. Qe7+ Qg7 32. Qxd8 Rxd8 33. Rxd8 Qe7 34. Red1 Qe6 35. R1d7+ Kg6 36. Bd1 c6 37. Rd6 Qxa2 38. Rf8 Qxb2 39. Rdxf6+ Kg7 40. R8f7+ Kg8 41. Rf8+ Kg7 42. R6f7+ Kg6 43. Kg2 Bc5 44. Rf6+ Kg7 45. R6f7+ Kg6 46. Rf6+ Kg7 47. R8f7+ Kg8 48. Rd7 a5 49. Rf3 b5 50. Rd8+ Kg7 51. Rd7+ Kg8 52. Rd8+ Kg7 53. Rd7+ 1/2-1/2

[Event "SLO Ch"]
[Site "Nova Gorica SLO"]
[Date "1994.??.??"]
[Round "?"]
[White "Mohr, Georg"]
[Black "Gostisa, Leon"]
[Result "1/2-1/2"]
[WhiteElo "2420"]
[BlackElo "2410"]
[PlyCount "22"]
[EventDate "1994.??.??"]
[Source "www.chesslib.no"]
[SourceDate "2004.05.04"]

1. e4 e5 2. Bc4 Bc5 3. Qh5 Qe7 4. Nf3 Nf6 5. Qxe5 Bxf2+ 6. Ke2 Qxe5 7. Nxe5 Bb6 8. Bxf7+ Ke7 9. Bb3 d6 10. Nf3 Nxe4 11. d3 Nf6 1/2-1/2

[Event "BL2-W 9394"]
[Site "GER"]
[Date "1994.??.??"]
[Round "?"]
[White "Kuijf, Marinus N"]
[Black "Neidhardt, Claus-Ulrich"]
[Result "1-0"]
[WhiteElo "2415"]
[BlackElo "2370"]
[PlyCount "55"]
[EventDate "1993.10.??"]
[Source "www.chesslib.no"]
[SourceDate "2004.05.04"]

1. e4 e5 2. Bc4 Bc5 3. Nc3 Qg5 4. Qf3 Qg6 5. Nd5 Bd6 6. h4 Nf6 7. Ne2 Nxd5 8. Bxd5 Be7 9. Ng3 Nc6 10. c3 Qf6 11. Qe2 Nd8 12. d3 h6 13. Nf5 d6 14. g4 Ne6 15. Be3 Nf4 16. Bxf4 exf4 17. O-O-O Bxf5 18. gxf5 c6 19. Bb3 a5 20. a3 b5 21. d4 O-O 22. Bc2 Rfe8 23. e5 dxe5 24. dxe5 Bf8 25. Rde1 Qd8 26. f6 Qd5 27. Rhg1 b4 28. Rxg7+ 1-0

[Event "snr"]
[Site "Bad Liebenzell snr"]
[Date "1995.??.??"]
[Round "8"]
[White "Vasiukov, Evgeni A"]
[Black "Baumgartner, Heinz"]
[Result "1-0"]
[WhiteElo "2490"]
[BlackElo "2295"]
[PlyCount "23"]
[EventDate "1995.??.??"]
[Source "www.chesslib.no"]
[SourceDate "2004.05.04"]

1. e4 e5 2. Bc4 Bc5 3. Nf3 d6 4. c3 Nf6 5. O-O Nxe4 6. d4 Bb6 7. dxe5 c6 8. exd6 O-O 9. Bf4 Bc5 10. Nbd2 Nxd6 11. Bd3 Bf5 12. Bxd6 1-0

[Event "Calcutta"]
[Site "Calcutta IND"]
[Date "1988.??.??"]
[Round "?"]
[White "Ermenkov, Evgenij P"]
[Black "Mitra, Swapan"]
[Result "1/2-1/2"]
[WhiteElo "2480"]
[BlackElo "2280"]
[PlyCount "66"]
[EventDate "1988.04.??"]
[Source "www.chesslib.no"]
[SourceDate "2004.05.04"]

1. e4 e5 2. Bc4 Bc5 3. Nf3 d6 4. c3 Nf6 5. d3 O-O 6. O-O Bg4 7. h3 Bh5 8. Bb3 Bb6 9. Re1 c5 10. Nbd2 Bc7 11. Nf1 Nc6 12. Ng3 Bg6 13. Nh4 Na5 14. Bc2 d5 15. Nhf5 h6 16. Qf3 d4 17. h4 Nc6 18. Bd2 Bd6 19. h5 Bxf5 20. Nxf5 Nh7 21. Qg4 Ng5 22. g3 Kh8 23. Bb3 Qf6 24. f4 Nh7 25. Rf1 Rae8 26. Bd5 exf4 27. gxf4 Ne7 28. cxd4 cxd4 29. Nxe7 Qxe7 30. Bb3 f5 31. exf5 Nf6 32. Qg2 Nxh5 33. Rae1 Qh4 1/2-1/2

[Event "Baden-Baden"]
[Site "Baden-Baden"]
[Date "1981.??.??"]
[Round "?"]
[White "Honfi, Karoly"]
[Black "Bastian, Herbert"]
[Result "0-1"]
[WhiteElo "2390"]
[BlackElo "2320"]
[PlyCount "70"]
[EventDate "1981.07.??"]
[Source "ChessBase"]

1. e4 e5 2. Bc4 Bc5 3. Nc3 d6 4. d3 Nc6 5. f4 Bxg1 6. Rxg1 Qh4+ 7. g3 Qxh2 8. Be3 Nd4 9. Bf2 Nf6 10. f5 h5 11. Bxd4 exd4 12. Ne2 Ng4 13. c3 Qf2+ 14. Kd2 dxc3+ 15. bxc3 c6 16. Bb3 O-O 17. Qf1 Qe3+ 18. Kc2 d5 19. exd5 Bxf5 20. Nf4 Qc5 21. Kb2 cxd5 22. d4 Qd6 23. Nxh5 Be4 24. Qe2 Qd7 25. Raf1 Rae8 26. Rf4 f5 27. Qd2 Qf7 28. Rxe4 Rxe4 29. Nf4 Rd8 30. Rh1 Rd6 31. Qg2 Ne3 32. Qf3 Nc4+ 33. Bxc4 dxc4 34. g4 Rb6+ 35. Kc2 Qe8 0-1

[Event "Budapest HUN"]
[Site "?"]
[Date "1999.07.30"]
[Round "1"]
[White "Miroshnichenko Evgenij"]
[Black "Kiss Gergely"]
[Result "1-0"]
[WhiteElo "2483"]
[BlackElo "2214"]
[PlyCount "91"]
[EventDate "1999.??.??"]
[Source "www.chesslib.no"]
[SourceDate "2004.05.04"]

1. e4 e5 2. Bc4 Bc5 3. f4 Nc6 4. Nf3 Nf6 5. fxe5 Nxe4 6. Qe2 Ng5 7. c3 Nxf3+ 8. gxf3 Qh4+ 9. Kd1 b6 10. d4 Be7 11. Be3 Bb7 12. Rg1 Na5 13. Bd3 Qh5 14. Nd2 g6 15. f4 Qxe2+ 16. Kxe2 d6 17. Ne4 O-O-O 18. Raf1 c5 19. exd6 Bxd6 20. Nxd6+ Rxd6 21. dxc5 bxc5 22. Rd1 c4 23. Bf5+ Kc7 24. Rxd6 Kxd6 25. Rd1+ Kc6 26. Bd7+ Kc7 27. Bxa7 Be4 28. Bb5 Bd3+ 29. Kd2 Nb7 30. Bd4 Ra8 31. a4 Na5 32. Be5+ Kb7 33. b4 Nc6 34. Bf6 Na7 35. Bd7 Nc8 36. a5 Nd6 37. Be5 Ne4+ 38. Ke3 f6 39. Bd4 Kc7 40. Ba4 Nd6 41. Bxf6 Nf5+ 42. Kf2 Rf8 43. Be5+ Kb7 44. Bd7 h6 45. b5 Be4 46. Be6 1-0

[Event "Wichern op"]
[Site "Hamburg"]
[Date "1997.??.??"]
[Round "6"]
[White "Polzin, Rainer"]
[Black "Trabert, Bettina"]
[Result "1-0"]
[WhiteElo "2445"]
[BlackElo "2220"]
[PlyCount "115"]
[EventDate "1997.10.??"]
[Source "www.chesslib.no"]
[SourceDate "2004.05.04"]

1. e4 e5 2. Bc4 Bc5 3. b4 Bb6 4. Nf3 Nc6 5. a4 a6 6. c3 d6 7. d3 Nf6 8. Nbd2 O-O 9. O-O Be6 10. Ba3 Ba7 11. Bxe6 fxe6 12. b5 axb5 13. axb5 Nb8 14. d4 exd4 15. cxd4 Re8 16. Qb3 Nbd7 17. Rad1 d5 18. Rfe1 c6 19. exd5 cxd5 20. Re2 Qa5 21. Bb2 Rac8 22. Ra1 Qb6 23. Rae1 Nf8 24. Ba3 N6d7 25. Qd3 Qa5 26. Bb2 Qc7 27. Ng5 h6 28. Ngf3 Qc2 29. Qa3 Bb8 30. Ne4 Qc4 31. Nd6 Bxd6 32. Qxd6 Qxb5 33. Qg3 Qd3 34. Re3 Qf5 35. Ba3 Rc2 36. Ne5 Nxe5 37. Rxe5 Qf7 38. h4 Nd7 39. R5e3 Nf6 40. Rf3 Kh7 41. Bd6 Qg6 42. Qf4 Qg4 43. Rb1 Qxf4 44. Rxf4 Ne4 45. Be5 Re7 46. Rf8 h5 47. f3 Nd2 48. Ra1 b5 49. Raa8 b4 50. Kh2 b3 51. Kh3 b2 52. g4 Kg6 53. gxh5+ Kxh5 54. Rh8+ Kg6 55. Kg4 Re8 56. Raxe8 b1=Q 57. h5+ Kf7 58. Rhf8# 1-0

[Event "It (Open) Gausdal NOR"]
[Site "?"]
[Date "2006.04.28"]
[Round "6"]
[White "Jaksland Tim"]
[Black "Silseth Simon"]
[Result "0-1"]
[WhiteElo "2311"]
[BlackElo "2328"]
[PlyCount "46"]
[EventDate "2006.??.??"]
[Source "www.chesslib.no"]
[SourceDate "2004.05.04"]

1. e4 e5 2. Bc4 Bc5 3. Nc3 d6 4. d3 Nc6 5. Be3 Bxe3 6. fxe3 Qh4+ 7. g3 Qg5 8. Qf3 Be6 9. Nd5 O-O-O 10. Ne2 h5 11. h3 Nh6 12. O-O-O Na5 13. Bb3 Nxb3+ 14. axb3 c6 15. Ndc3 Kb8 16. Rde1 Rhf8 17. Kb1 f5 18. exf5 Nxf5 19. Ne4 Qh6 20. Nc1 Bd5 21. Rhf1 g6 22. g4 Nxe3 23. Qxe3 Qxe3 0-1

[Event "ch-FRA (team),"]
[Site "?"]
[Date "1999.??.??"]
[Round "?"]
[White "Atlas, V."]
[Black "Chevrier, T."]
[Result "1-0"]
[WhiteElo "2455"]
[BlackElo "2155"]
[PlyCount "89"]
[EventDate "1999.??.??"]
[Source "www.chesslib.no"]
[SourceDate "2004.05.04"]

1. e4 e5 2. Bc4 Bc5 3. Nf3 d6 4. c3 Nf6 5. d3 O-O 6. O-O Nc6 7. Bb3 Bb6 8. Nbd2 Bg4 9. h3 Be6 10. Nc4 Na5 11. Nxa5 Bxa5 12. Bc2 h6 13. d4 exd4 14. Nxd4 Qd7 15. Qf3 Nh7 16. Qg3 Kh8 17. f4 Bb6 18. f5 Bc4 19. Re1 Qe7 20. b3 Bb5 21. Bf4 Bc6 22. Kh2 Qf6 23. Nxc6 bxc6 24. e5 dxe5 25. Bxe5 Qg5 26. Qxg5 hxg5 27. Be4 Rad8 28. Bxc6 Nf6 29. Rad1 g4 30. b4 a5 31. a3 axb4 32. cxb4 gxh3 33. gxh3 Rb8 34. a4 Ba7 35. Bd4 Bxd4 36. Rxd4 Ne8 37. a5 Nd6 38. Rxd6 cxd6 39. b5 Rfc8 40. Rd1 Rc7 41. Rxd6 Ra7 42. a6 Rb6 43. Rd7 Raxa6 44. bxa6 Rxc6 45. Rd8+ 1-0

[Event "HL9798"]
[Site "Hessen"]
[Date "1998.??.??"]
[Round "?"]
[White "Roeberg, Frank"]
[Black "Heidl, Guenther"]
[Result "0-1"]
[WhiteElo "2245"]
[BlackElo "2365"]
[PlyCount "126"]
[EventDate "1997.10.??"]
[Source "www.chesslib.no"]
[SourceDate "2004.05.04"]

1. e4 e5 2. Bc4 Bc5 3. Nc3 d6 4. d3 Qf6 5. Nf3 Ne7 6. Be3 Bg4 7. Bg5 Qg6 8. Qd2 Nbc6 9. Nh4 Qh5 10. h3 f6 11. hxg4 Qxg5 12. Qxg5 fxg5 13. Nf3 Nd4 14. Nxd4 Bxd4 15. Be6 c6 16. Ne2 Ng6 17. Nxd4 exd4 18. g3 Ke7 19. Bb3 Ne5 20. f4 Nxg4 21. fxg5 Raf8 22. Rh4 Ne5 23. Ke2 Rf3 24. Rg1 Re3+ 25. Kd1 Nf3 26. Rf1 Nxh4 27. Rf7+ Ke8 28. gxh4 Rf8 29. Rxg7 Rf1+ 30. Kd2 Rf2+ 31. Kd1 Rh2 32. Rg8+ Kd7 33. Rg7+ Kd8 34. Rf7 Rg3 35. Rf1 Rxh4 36. Be6 Rxg5 37. c3 Rg3 38. Kc2 Rh2+ 39. Kb3 Rxd3 40. Rf7 Rdd2 41. cxd4 Rxd4 42. Rd7+ Ke8 43. Rxb7 c5 44. Bf5 a5 45. a3 h5 46. Ra7 a4+ 47. Kc3 h4 48. Rc7 Rf2 49. Rh7 Rf3+ 50. Kc2 Rf4 51. Rh8+ Kf7 52. Rh7+ Kf6 53. Rh6+ Kg5 54. Rg6+ Kh5 55. Re6 Rf2+ 56. Kc1 Rc4+ 57. Kd1 Rxb2 58. e5 Rf4 59. Bd3 Rd4 60. Kc1 Rb3 61. Be2+ Kg5 62. exd6 Rxa3 63. Bb5 Rc3+ 0-1

[Event "BL9293 women"]
[Site "GER"]
[Date "1993.??.??"]
[Round "?"]
[White "Burchardt, Brigitte"]
[Black "Juergens, Vera"]
[Result "0-1"]
[WhiteElo "2260"]
[BlackElo "2340"]
[PlyCount "80"]
[EventDate "1992.10.??"]
[Source "www.chesslib.no"]
[SourceDate "2004.05.04"]

1. e4 e5 2. Bc4 Bc5 3. d3 Nf6 4. Nc3 h6 5. h3 Nc6 6. Nf3 d6 7. Qe2 a6 8. Be3 Qe7 9. O-O-O Nd4 10. Qd2 Be6 11. Bxe6 Qxe6 12. Kb1 O-O-O 13. Rhe1 Nxf3 14. gxf3 Qxh3 15. Bxc5 dxc5 16. Qe3 b6 17. Rh1 Qe6 18. f4 Ng4 19. Qf3 exf4 20. Qxf4 h5 21. Nd5 Qe5 22. Qd2 Nf6 23. f4 Qe6 24. Nxf6 Qxf6 25. Rdg1 g6 26. Rg5 Qd4 27. Qe2 c4 28. Rg3 Rhe8 29. Re3 f5 30. e5 Qxf4 31. dxc4 Re6 32. a4 Rd4 33. c5 Rxa4 34. cxb6 cxb6 35. Rc3+ Kb7 36. Rd1 Rd4 37. Rxd4 Qxd4 38. Qg2+ Kb8 39. Rc6 Rxe5 40. Qxg6 Re1+ 0-1

[Event "Singapour (open master)"]
[Site "?"]
[Date "2004.12.15"]
[Round "7"]
[White "Singh Gurpreetpal"]
[Black "Singh Rishipal S"]
[Result "1/2-1/2"]
[WhiteElo "2341"]
[BlackElo "2259"]
[PlyCount "37"]
[EventDate "2004.??.??"]
[Source "www.chesslib.no"]
[SourceDate "2004.05.04"]

1. e4 e5 2. Bc4 Bc5 3. Nf3 d6 4. d4 exd4 5. Nxd4 Nf6 6. Nc3 O-O 7. O-O h6 8. Kh1 Re8 9. f3 c6 10. a4 a5 11. Nb3 Bb6 12. Bf4 Bc7 13. g4 Be6 14. Qd3 Na6 15. Bxa6 Rxa6 16. Nd4 Nd7 17. Nf5 Ne5 18. Qd4 Qf6 19. Bg3 1/2-1/2

[Event "ISR-chT"]
[Site "?"]
[Date "2002.04.12"]
[Round "8"]
[White "Zak Uriel"]
[Black "Malachi Avraham"]
[Result "1-0"]
[WhiteElo "2353"]
[BlackElo "2218"]
[PlyCount "57"]
[EventDate "2002.??.??"]
[Source "www.chesslib.no"]
[SourceDate "2004.05.04"]

1. e4 e5 2. Bc4 Bc5 3. d3 Nc6 4. Nc3 Na5 5. Na4 Be7 6. Nf3 d6 7. O-O Nf6 8. Nc3 O-O 9. a3 Nxc4 10. dxc4 h6 11. h3 Re8 12. Re1 Bf8 13. Nh2 g6 14. Qf3 Bg7 15. Be3 Be6 16. b3 Nh7 17. Rad1 b6 18. Qg3 g5 19. Qf3 Qf6 20. Qh5 Nf8 21. Nd5 Bxd5 22. cxd5 Qg6 23. Qf3 Nd7 24. Nf1 Nf6 25. Ng3 h5 26. Bc1 g4 27. hxg4 hxg4 28. Qf5 Rac8 29. Rd3 1-0

[Event "HUN-chT9899"]
[Site "HUN"]
[Date "1998.??.??"]
[Round "?"]
[White "Tamas, Norbert"]
[Black "Klemanic, Emil"]
[Result "1/2-1/2"]
[WhiteElo "2245"]
[BlackElo "2315"]
[PlyCount "82"]
[EventDate "1998.??.??"]
[Source "www.chesslib.no"]
[SourceDate "2004.05.04"]

1. e4 e5 2. Bc4 Bc5 3. Nc3 d6 4. d3 Be6 5. Bxe6 fxe6 6. Qh5+ g6 7. Qh3 Qd7 8. Bg5 a6 9. O-O-O Nc6 10. Nge2 h6 11. Rhf1 Rh7 12. Be3 Bxe3+ 13. fxe3 O-O-O 14. d4 exd4 15. Nxd4 Nxd4 16. exd4 e5 17. dxe5 Qxh3 18. gxh3 Re7 19. exd6 cxd6 20. Rd4 Re6 21. Nd5 b5 22. Rf7 Rde8 23. a4 Ne7 24. Nxe7+ R8xe7 25. Rxe7 Rxe7 26. Rxd6 Rxe4 27. Rxa6 Re1+ 28. Kd2 Rh1 29. axb5 Rxh2+ 30. Kc3 Rxh3+ 31. Kb4 Rh2 32. c4 Rxb2+ 33. Kc5 Rg2 34. Rf6 Rg4 35. b6 h5 36. Rf8+ Kb7 37. Rf7+ Kb8 38. Kb5 Rg5+ 39. c5 h4 40. Rh7 Rh5 41. Rg7 h3 1/2-1/2

[Event "Schleswig Holstein Ch masters 51st"]
[Site "?"]
[Date "1996.??.??"]
[Round "1"]
[White "Christ Ralf"]
[Black "Mueller Friedrich"]
[Result "1/2-1/2"]
[WhiteElo "2250"]
[BlackElo "2295"]
[PlyCount "108"]
[EventDate "1996.??.??"]
[Source "www.chesslib.no"]
[SourceDate "2004.05.04"]

1. e4 e5 2. Bc4 Bc5 3. Nf3 d6 4. c3 Nf6 5. d3 O-O 6. Bb3 Bg4 7. Nbd2 Nbd7 8. h3 Bh5 9. O-O c6 10. Re1 h6 11. Nf1 Qc7 12. Ng3 Bg6 13. Nh4 Kh7 14. Ngf5 Ng8 15. Qf3 Bb6 16. Be3 Bxf5 17. Bxb6 axb6 18. Nxf5 g6 19. Ne3 Nc5 20. Bc2 Ne6 21. h4 b5 22. a3 Qe7 23. g3 Qf6 24. Qxf6 Nxf6 25. Rad1 Nc5 26. f3 Na4 27. Rb1 Kg7 28. Red1 Rfd8 29. d4 Nd7 30. Kg2 Kf8 31. Rd2 Ke7 32. Bb3 Nab6 33. Rbd1 Nf8 34. dxe5 dxe5 35. Rxd8 Rxd8 36. Rxd8 Kxd8 37. Bxf7 Na4 38. Nd1 Ke7 39. Bb3 Nc5 40. Bc2 Nfe6 41. Ne3 h5 42. Kf2 Na4 43. Bxa4 bxa4 44. Nc4 Kf6 45. Nb6 Nc5 46. Ke3 g5 47. Nc4 gxh4 48. gxh4 Ke6 49. Nd2 Kf6 50. Nf1 Ne6 51. Ng3 Nf4 52. Kd2 c5 53. Nf5 Ke6 54. c4 Ng2 1/2-1/2

[Event "Corr"]
[Site "?"]
[Date "1997.??.??"]
[Round "?"]
[White "Mary Patrick"]
[Black "Elliott Thomas"]
[Result "1-0"]
[WhiteElo "2331"]
[BlackElo "2191"]
[PlyCount "36"]
[EventDate "1997.??.??"]
[Source "www.chesslib.no"]
[SourceDate "2004.05.04"]

1. e4 e5 2. Bc4 Bc5 3. Nf3 d6 4. c3 Qe7 5. d4 Bb6 6. a4 exd4 7. a5 Bc5 8. b4 Qxe4+ 9. Qe2 Qxe2+ 10. Bxe2 dxc3 11. bxc5 dxc5 12. Nxc3 Nf6 13. Bf4 c6 14. Bd6 Nbd7 15. O-O h6 16. Rfe1 Kd8 17. Bc4 Ne8 18. Be7+ Kc7 1-0

[Event "SWZ-chT9697"]
[Site "SWZ"]
[Date "1997.??.??"]
[Round "?"]
[White "Hund, Barbara"]
[Black "Jenni, Florian"]
[Result "0-1"]
[WhiteElo "2275"]
[BlackElo "2245"]
[PlyCount "106"]
[EventDate "1997.??.??"]
[Source "www.chesslib.no"]
[SourceDate "2004.05.04"]

1. e4 e5 2. Bc4 Bc5 3. d3 Nc6 4. Be3 Bxe3 5. fxe3 d6 6. Nc3 Nf6 7. Qf3 a6 8. Nge2 Na5 9. Bb3 Nxb3 10. axb3 Bg4 11. Qg3 O-O 12. O-O Bxe2 13. Nxe2 Kh8 14. Rf2 Ng8 15. Raf1 f6 16. Qh4 Qe7 17. g4 g6 18. Rf3 Rf7 19. Qf2 Raf8 20. Ng3 Qe6 21. h3 Kg7 22. Kg2 Ne7 23. d4 c6 24. Qd2 h6 25. c4 f5 26. dxe5 dxe5 27. exf5 gxf5 28. e4 fxg4 29. Rxf7+ Rxf7 30. Rxf7+ Kxf7 31. hxg4 Qxg4 32. Qxh6 Qd1 33. Qh7+ Ke6 34. Nf5 Qg4+ 35. Kh2 Qf4+ 36. Kg1 Qg5+ 37. Kh2 Nxf5 38. exf5+ Qxf5 39. Qxb7 Qf2+ 40. Kh1 Qf3+ 41. Kh2 Qf4+ 42. Kh3 Qe3+ 43. Kh2 Qd2+ 44. Kh3 Qd7 45. Qxa6 e4 46. Qb6 Ke5+ 47. Kh4 Qe7+ 48. Kh5 Qf7+ 49. Kh6 Qf4+ 50. Kh7 Qh4+ 51. Kg8 Qg5+ 52. Kh7 e3 53. Qxc6 Qe7+ 0-1

[Event "Sitges (Spain)"]
[Site "?"]
[Date "2002.??.??"]
[Round "3"]
[White "Hidalgo Mena Andres"]
[Black "Dominguez Sanz Juan Pedro"]
[Result "1-0"]
[WhiteElo "2280"]
[BlackElo "2215"]
[PlyCount "63"]
[EventDate "2002.??.??"]
[Source "www.chesslib.no"]
[SourceDate "2004.05.04"]

1. e4 e5 2. Bc4 Bc5 3. d3 Nc6 4. Nc3 Na5 5. Nf3 Nxc4 6. dxc4 d6 7. Qd3 Ne7 8. Na4 Bb6 9. c5 Ba5+ 10. Bd2 Bxd2+ 11. Qxd2 Bg4 12. Rd1 Bxf3 13. gxf3 Nc6 14. c3 b5 15. cxd6 O-O 16. Nc5 Qf6 17. Ke2 Rfd8 18. d7 b4 19. Rhg1 bxc3 20. bxc3 h6 21. Nb7 Rdb8 22. Rb1 Nd8 23. Nxd8 Rxd8 24. Rgd1 Kf8 25. Qd5 g5 26. Qc5+ Kg7 27. Qxc7 h5 28. Rb5 Qa6 29. Qxe5+ f6 30. Qd5 Rab8 31. c4 Qxa2+ 32. Rd2 1-0

[Event "Cannes (France)"]
[Site "?"]
[Date "1997.??.??"]
[Round "8"]
[White "Kursova Maria"]
[Black "Machalova Veronika"]
[Result "1-0"]
[WhiteElo "2315"]
[BlackElo "2168"]
[PlyCount "151"]
[EventDate "1997.??.??"]
[Source "www.chesslib.no"]
[SourceDate "2004.05.04"]

1. e4 e5 2. Bc4 Bc5 3. d3 Nc6 4. Nc3 d6 5. Be3 Bb6 6. Qd2 Be6 7. Bb5 Qd7 8. Nge2 Nge7 9. O-O O-O 10. f4 Bxe3+ 11. Qxe3 f6 12. f5 Bf7 13. Nd1 a6 14. Bxc6 Nxc6 15. c4 Bh5 16. Nf2 Bxe2 17. Qxe2 Nd4 18. Qh5 Qf7 19. Qh4 Kh8 20. Ng4 Rg8 21. Rae1 Raf8 22. Re3 g5 23. fxg6 Rxg6 24. Rf2 Qg7 25. Rg3 f5 26. Ne3 Rxg3 27. hxg3 fxe4 28. Qxe4 Rxf2 29. Kxf2 Qf7+ 30. Ke1 Qg7 31. g4 Qh6 32. Kf2 Qf6+ 33. Nf5 h5 34. Kg1 hxg4 35. Nxd4 exd4 36. Qxg4 Kh7 37. Qh5+ Qh6 38. Qxh6+ Kxh6 39. Kf2 Kg5 40. Kf3 Kf5 41. g3 a5 42. b3 c6 43. a3 c5 44. a4 b6 45. g4+ Ke5 46. Kg3 d5 47. cxd5 Kxd5 48. Kf4 Ke6 49. Ke4 Kf6 50. Kd5 Kg5 51. Kc6 Kxg4 52. Kxb6 Kf4 53. Kxc5 Ke5 54. Kc4 Kd6 55. Kxd4 Kc6 56. Kc4 Kb6 57. d4 Kc6 58. d5+ Kd6 59. Kd4 Kd7 60. Kc5 Kc7 61. Kb5 Kd6 62. Kxa5 Kxd5 63. Kb6 Kd6 64. a5 Kd7 65. Kb7 Kd6 66. a6 Kd7 67. a7 Kd6 68. a8=Q Ke7 69. Qa6 Kd8 70. Qf6+ Ke8 71. Qg7 Kd8 72. Qf6+ Ke8 73. Qg7 Kd8 74. Kc6 Ke8 75. Kd6 Kd8 76. Qd7# 1-0